000 01726cam a22004454i 4500
003 PE-LiUPU
005 20250731172734.0
008 150617s r 000 0 d
035 _a(Sirsi) a11554
040 _aPE-LiUPU
_bspa
_cPE-LiUPU
_erda
049 _aPRUA
082 0 4 _a241.5
_bD58
_221
100 1 _aDerstine, C. F.,
_eautor.
245 1 0 _aPath's to Noble Manhood /
_cC. F. Derstine.
264 1 _aMichigan :
_bZondervan Publishing House,
_c1944.
300 _a92 páginas ;
_c20 cm.
336 _atext
_2rdacontent
337 _aunmediated
_2rdamedia
338 _avolume
_2rdacarrier
505 0 _aThe price of improper sex expressions: The mind -- The soul -- Society -- Posterity -- Life hereafter -- Five improper sex expressions: Impure thinking -- Impure speech -- Masturbation -- Fornication -- Adultery -- Helps to proper sex expression: Diferent types of men -- Diferent types of girls -- What about dates? -- Happy evenings together -- The high attainment of social purity.
526 _aSEG42
526 _aSEG41
526 _aSEG40
526 _aSEG39
526 _aP94
526 _aP87
526 _aP86
526 _aP85
526 _aP77
526 _aP76
526 _aP35
650 0 4 _aEducación familiar.
910 _ajck
_bjvq
_cjck
_d20150616
942 _2ddc
_cBOOK
949 _a241.5 D58
_wDEWEY
_c1
_i42679
_lCCODEBUL1
_mBUL
_p00.00
_r0
_sY
_tBOOK
_u2015-04-21
_xTEOLOGIA
_PP35
_0COMPRA
_o.STAFF. Colección General
994 _aC0
_bPEPRU
596 _a1
999 _a241.5 D58
_wDEWEY
_c1716
_i42679
_f2021-11-11
_g4
_lCCODEBUL1
_mBUL
_r0
_sY
_tBOOK
_u2015-4-21
_xTEOLOGIA
_PP35
_0COMPRA
_o.STAFF. Colección General
_d1716
980 _81
_gALBERTO SANCHEZ Responsable de Automatización